000 00272nam a22001217a 4500
003 SGT
082 _a657.042, BHA
100 _aBHATTACHARYYA K. ASISH
245 _aESSENTIALS OF FINANCIAL ACCOUNTING
250 _a3RD
260 _aNEW DELHI
_bPHI
_c2013
942 _2ddc
_cCD
999 _c10865
_d10865